000 00737nam a2200265 i 4500
001 C2-0061592
003 PPAK
005 20190630222110.0
008 970302s1990 my a|||| ||||| | may d
020 _a9679710769
040 _aPPAK
_beng
_cPPAK
_erda
082 0 4 _a899.233
_223
090 0 0 _a899.233
_bJAM
_dK
100 0 _aJamilah Alias,
_eauthor
245 1 0 _aMisteri Bukit Jeram
264 1 _aPetaling Jaya, Selangor :
_bFlo Enterprise ,
_c1990
300 _a84 pages :
_billustrations ;
_c19 cm
336 _2rdacontent
_atext
337 _2rdamedia
_aunmediated
338 _2rdacarrier
_avolume
490 1 _aSiri novel keluarga
650 1 0 _aChildren's stories, Malay
830 0 _aSiri novel keluarga
942 _ddc
_cB
999 _c7171
_d7171